| 000 | 01102cam a22003375i 4500 | ||
|---|---|---|---|
| 999 |
_c27168 _d27140 |
||
| 001 | 9638777 | ||
| 003 | OSt | ||
| 005 | 20190214160250.0 | ||
| 008 | 750904s1913 nyu fr 000 d eng d | ||
| 020 | _a9781175767523 | ||
| 035 | _a(OCoLC)1596978 | ||
| 040 |
_aDLC _cNBuU _dOCoLC _dDLC _dEG-ScBUE _beng |
||
| 041 | 1 |
_aswe _heng |
|
| 082 | 0 | 4 |
_222 _a839.72 _bSTR |
| 100 | 1 |
_aStrindberg, August, _d1849-1912. _930805 |
|
| 245 | 1 | 0 |
_aPlays. 2nd series / _cAugust Strindberg ; translated with introductions by Edwin Bjorkman. |
| 250 | _aauthorized ed. | ||
| 264 | 1 |
_aNew York : _bCharles Scribner's Sons, _c1913. |
|
| 300 |
_a265 pages ; _c20 cm. |
||
| 336 |
_2rdacontent _atxt |
||
| 337 |
_2rdamedia _aunmediated |
||
| 338 |
_2rdacarrier _avolume |
||
| 505 | _aThere are crimes and crimes -- Miss Julia -- The stronger -- Creditors -- Pariah | ||
| 650 | 7 |
_2BUEsh _941996 _aSwedish drama. |
|
| 653 |
_bHHUUEENN _cFebruary2019 |
||
| 700 | 1 |
_aBjorkman, Edwin, _d1866-1951, _etranslator. |
|
| 740 | 4 | _aThe gauntlet. | |
| 740 | 0 | _aBeyond our power. | |
| 740 | 4 | _aThe new system. | |
| 942 |
_2ddc _cBB |
||